书目信息 |
| 题名: |
中国当代科技精华
|
|
| 作者: | 卢嘉锡 主编 | |
| 分册: | 化学卷 | |
| 出版信息: | 哈尔滨 黑龙江教育出版社 1994.10 |
|
| 页数: | 473页 | |
| 开本: | 20cm | |
| 丛书名: | ||
| 单 册: | ||
| 中图分类: | O6-12 | |
| 科图分类: | ||
| 主题词: | 化学--现状 | |
| 电子资源: | ||
| ISBN: | 7-5316-2512-1 | |
| 000 | 00760nam0 2200217 450 | |
| 001 | 1452404048 | |
| 005 | 20141103143711.77 | |
| 010 | @a7-5316-2512-1@dCNY28.80 | |
| 100 | @a20141103d1994 km y0chiy0120 ea | |
| 101 | 0 | @achi |
| 102 | @aCN@b230000 | |
| 200 | 1 | @a中国当代科技精华@Azhong guo dang dai ke ji jing hua@eThe Chinese contemporary elite in science and technology@i化学卷@f卢嘉锡主编@Flu jia xi zhu bian |
| 210 | @a哈尔滨@c黑龙江教育出版社@d1994.10 | |
| 215 | @a473页@d20cm | |
| 517 | 1 | @aThe Chinese contemporary elite in science and technology |
| 517 | 1 | @a化学卷@Ahua xue juan |
| 606 | 0 | @a化学@x现状 |
| 690 | @aO6-12@v4 | |
| 701 | 0 | @a卢嘉锡@Alu jia xi@4主编 |
| 801 | 0 | @aCN@b大连网信软件有限公司图书馆·11@c20141103 |
| 905 | @aZUCC@dO6-12@eL785 | |
| 中国当代科技精华:The Chinese contemporary elite in science and technology.化学卷/卢嘉锡主编.-哈尔滨:黑龙江教育出版社,1994.10 |
| 473页;20cm |
| ISBN 7-5316-2512-1:CNY28.80 |
| ● |
| 相关链接 |
|
|
|
正题名:中国当代科技精华
索取号:O6-12/L785
 
预约/预借
| 序号 | 登录号 | 条形码 | 馆藏地/架位号 | 状态 | 备注 |
| 1 | 209160 | 202091609 | 自科库401/401自科库 60排5列2层/ [索取号:O6-12/L785] | 在馆 | |
| 2 | 209161 | 202091618 | 自科库401/401自科库 60排5列2层/ [索取号:O6-12/L785] | 在馆 |